Combien de fois pouvez-vous écrire les chiffres(1à9)en 15s. - Statistiques

Statistiques générales
  • Ce quiz a été pris 2 099 fois
    2 079 depuis la dernière actualisation
  • Le résultat moyen est 45 sur 261
Statistiques - réponses
Chiffres % Correct
1
100%
2
98%
3
97%
4
96%
5
95%
6
95%
7
94%
8
93%
9
92%
1
89%
2
83%
3
81%
4
80%
5
79%
6
78%
7
77%
8
77%
9
76%
1
74%
2
73%
3
72%
4
71%
5
71%
6
70%
7
69%
8
68%
9
68%
1
65%
2
64%
3
62%
4
61%
5
61%
6
59%
7
58%
8
57%
9
57%
1
56%
2
54%
3
53%
4
51%
5
49%
6
49%
7
48%
8
47%
9
46%
1
43%
2
42%
3
41%
4
40%
5
38%
6
37%
7
36%
8
35%
9
34%
1
31%
2
30%
3
30%
4
29%
5
28%
6
27%
7
26%
8
25%
9
24%
1
23%
2
22%
3
22%
4
21%
5
20%
6
20%
7
19%
8
18%
9
18%
1
17%
2
16%
3
16%
4
15%
5
15%
6
15%
7
14%
8
14%
9
14%
1
12%
2
12%
3
11%
4
11%
5
11%
6
10%
7
10%
8
10%
9
10%
1
9%
2
9%
3
9%
4
9%
5
9%
6
9%
7
8%
8
8%
9
7%
1
6%
2
6%
3
6%
4
6%
5
6%
6
6%
7
6%
8
6%
9
5%
1
4%
2
4%
3
4%
4
4%
5
4%
6
4%
7
4%
1
3%
2
3%
3
3%
4
3%
5
3%
6
3%
7
3%
8
3%
8
3%
9
3%
1
2%
2
2%
3
2%
4
2%
5
2%
6
2%
7
2%
8
2%
9
2%
9
2%
1
1%
1
1%
2
1%
2
1%
3
1%
3
1%
4
1%
4
1%
5
1%
5
1%
6
1%
6
1%
7
1%
7
1%
8
1%
8
1%
9
1%
9
1%
1
0%
1
0%
1
0%
1
0%
1
0%
1
0%
1
0%
1
0%
1
0%
1
0%
1
0%
1
0%
2
0%
2
0%
2
0%
2
0%
2
0%
2
0%
2
0%
2
0%
2
0%
2
0%
2
0%
2
0%
3
0%
3
0%
3
0%
3
0%
3
0%
3
0%
3
0%
3
0%
3
0%
3
0%
3
0%
3
0%
4
0%
4
0%
4
0%
4
0%
4
0%
4
0%
4
0%
4
0%
4
0%
4
0%
4
0%
4
0%
5
0%
5
0%
5
0%
5
0%
5
0%
5
0%
5
0%
5
0%
5
0%
5
0%
5
0%
5
0%
6
0%
6
0%
6
0%
6
0%
6
0%
6
0%
6
0%
6
0%
6
0%
6
0%
6
0%
6
0%
7
0%
7
0%
7
0%
7
0%
7
0%
7
0%
7
0%
7
0%
7
0%
7
0%
7
0%
7
0%
8
0%
8
0%
8
0%
8
0%
8
0%
8
0%
8
0%
8
0%
8
0%
8
0%
8
0%
8
0%
9
0%
9
0%
9
0%
9
0%
9
0%
9
0%
9
0%
9
0%
9
0%
9
0%
9
0%
9
0%
Aucun quiz correspondant
Distribution des résultats
% des personnes avec chaque résultat
Percentile par nombre de réponses
Votre historique - résultats
Vous n’avez pas pris ce quiz depuis la dernière actualisation